000 00413nam a2200157 i 4500
001 25466
003 ES-MaACL
005 20230906153255.0
007 t|
008 021226s1963 sp ||||1| spa d
100 1 _aArce, Manuel.
_922456
245 1 0 _aOficio de muchachos /
_cManuel Arce.
260 _a[Barcelona] :
_bSeix Barral,
_c[1963]
300 _a237 p. ;
_c19 cm.
852 _aES-MaACL
_jC-24359
_bR.52836
999 _c25466
_d25466